Teilräume Europa: Südosteuropa - Statistiken

Allgemein
  • Dieses Quiz wurde 65 mal gespielt
  • Das Durchschnittsergebnis liegt bei 9 aus 10
Antwortstatistiken
Hint Antwort % Korrekt
A Albanien
93%
Bulgarien
93%
K Kosovo
93%
M Montenegro
91%
N Nordmazedonien
91%
Kroatien
89%
Serbien
89%
B Bosnien und Herzegowina
85%
Rumänien
85%
T Türkei
73%
Keine übereinstimmenden Quizze gefunden
Verteilung der Resultate
Anzahl Personen mit jedem Resultat
Perzentil nach korrekt beantworteten Fragen
Ihre Resultats-Entwicklung
Sie haben dieses Quiz noch nicht gespielt